Tratado de ortografía demostrada, distribuido en tres secciones / (Record no. 159979)

MARC details
000 -LEADER
campo de control de longitud fija 00694nam a2200169 i 4500
001 - NÚMERO DE CONTROL
campo de control 159979
003 - IDENTIFICADOR DE NÚMERO DE CONTROL
campo de control ES-MaACL
005 - FECHA Y HORA DE LA ÚLTIMA TRANSACCIÓN
campo de control 20230906211913.0
008 - DATOS DE LONGITUD FIJA--INFORMACIÓN GENERAL
campo de control de longitud fija 991102s1866 sp |||| | spa d
040 ## - FUENTE DE CATALOGACIÓN
Centro catalogador/agencia de origen CCPB | B
Lengua de catalogación spa
Centro/agencia transcriptor CCPB | B
100 1# - ENTRADA PRINCIPAL--NOMBRE DE PERSONA
Nombre de persona Monmany y Carcereny, Fernando.
9 (RLIN) 130064
245 10 - MENCIÓN DEL TÍTULO
Título Tratado de ortografía demostrada, distribuido en tres secciones /
Mención de responsabilidad, etc. por Fernando Monmany y Carcereny.
260 ## - PUBLICACIÓN, DISTRIBUCIÓN, ETC.
Lugar de publicación, distribución, etc. Barcelona :
Nombre del editor, distribuidor, etc. [s.n.],
Fecha de publicación, distribución, etc. 1866 (
Fabricante Imprenta de Gómez é Inglada)
300 ## - DESCRIPCIÓN FÍSICA
Extensión 73, [3] p. ;
Dimensiones 15 cm.
650 04 - PUNTO DE ACCESO ADICIONAL DE MATERIA--TÉRMINO DE MATERIA
Término de materia o nombre geográfico como elemento de entrada Lengua española-
Subdivisión general Ortografía.
9 (RLIN) 14177
852 ## - LOCALIZACIÓN
Ubicación ES-MaACL
Número de control de estantería T-1308-F-2
Nota libre - Enc. hol.
-- . - Donativo Bosch
condición física - Falto de cub. original
Nota libre - Enc. en un vol. facticio
Holdings
Estatus retirado Estado de pérdida Estado de daño No para préstamo Colección Biblioteca de origen Biblioteca actual Ubicación en estantería Fecha de adquisición Total de préstamos Signatura topográfica completa Código de barras Visto por última vez Precio de reemplazo Tipo de ítem Koha
        Colección de folletos Biblioteca del Ateneo de Madrid Biblioteca del Ateneo de Madrid Depósito folletos 17/01/2008   T-1308-F-2 1167483 23/02/2023 23/02/2023 Folleto